00854 a2200169 45000010006000000050017000060080041000230030015000640400040000790800034001192450051001532500010002042640035002143000019002495050387002681000029006552990020260407155609.0260407a1981 arg spa dAR-UNSa-BCEJYS aAR-UNSa-BCEJYSbspacAR-UNSa-BCEJYS a657.471.61xCostes generales 10aCostos y presupuestospdecisiones y técnicas a1a.ed 1aBuenos Aires :bCangalloc1981 a312 p.c23 cm. a1. El punto de equilibrio - 2. La relación costo , volumen, utilidad - 3. El costeo variable - 4. Los costos y la toma de decisiones - 5. Los costos y precios ( la inflación) - 6. Presupuesto y control presupuestario - 7. La elaboración y la ejecución presupuestaria - 8. Técnicas presupuestaria - 9. El sistema presupuestario gubernamental - 10. Presupuesto de programas.1 aDominguez, Luis Martín